|
|
|
|
| LEADER |
01583nam a2200325 a 4500 |
| 001 |
14133640 |
| 003 |
BD-DhAAL |
| 008 |
090721s2005 bg f000 0 eng d |
| 010 |
|
|
|a 2005453040
|
| 040 |
|
|
|a DLC
|c DLC
|d BD-DhAAL
|
| 082 |
0 |
0 |
|a 304.6/32/095492
|2 22
|
| 245 |
0 |
0 |
|a Bangladesh demographic and health survey 2004 /
|c National Institute of Population Research and Training (NIPORT), Mitra and Associates, ORC Marco.
|
| 246 |
3 |
|
|a Demographic and health survey 2004
|
| 246 |
1 |
8 |
|a Bangladesh 2004 : demographic and health survey
|
| 260 |
|
|
|a Dhaka :
|b National Institute of Population Research and Training (NIPORT),
|c 2005.
|
| 300 |
|
|
|a xxv, 338 pages :
|b ill., map ;
|c 28 cm.
|
| 500 |
|
|
|a "May 2005."
|
| 504 |
|
|
|a Includes bibliographical references.
|
| 526 |
|
|
|x Salim khan
Sr. program Associate
James P. Grant School.
Course name and no. N/A
|
| 541 |
1 |
|
|a A H Development publishing house
|e 00018456
|
| 650 |
|
0 |
|a Fertility, Human
|z Bangladesh.
|
| 650 |
|
0 |
|a Demographic surveys
|z Bangladesh.
|
| 650 |
|
0 |
|a Health surveys
|z Bangladesh.
|
| 710 |
2 |
|
|a National Institute of Population Research and Training (Bangladesh)
|
| 710 |
2 |
|
|a Mitra and Associates (Firm)
|9 57863
|
| 710 |
2 |
|
|a ORC Macro.
|
| 852 |
4 |
|
|a School of Public Health.
|
| 942 |
|
|
|2 ddc
|c BK
|
| 999 |
|
|
|c 2633
|d 2633
|
| 952 |
|
|
|0 0
|1 0
|2 ddc
|4 0
|6 304_632095492000000_BAN
|7 0
|9 2398
|a JPGSPH
|b JPGSPH
|d 2009-04-28
|e A. H. Development Publishing House.
|g 500.00
|l 0
|o 304.632095492 BAN
|p 3060018456
|r 2009-07-21
|t 1
|w 2009-07-21
|y BK
|x Requisitioned by Salim khan, Sr. program Associate, James P. Grant School. Course name and no. N/A
|